सर्व सुर्वे (Record no. 420298)

MARC details
000 -LEADER
fixed length control field 00436nam a2200145Ia 4500
008 - FIXED-LENGTH DATA ELEMENTS--GENERAL INFORMATION
fixed length control field 100122s9999 xx 000 0 und d
082 ## - DEWEY DECIMAL CLASSIFICATION NUMBER
Item number 37979
Classification number 821.09
100 ## - MAIN ENTRY--PERSONAL NAME
Personal name सुर्वे नारायण
245 ## - TITLE STATEMENT
Title सर्व सुर्वे
260 ## - PUBLICATION, DISTRIBUTION, ETC. (IMPRINT)
Name of publisher, distributor, etc आनंदबन प्रकाशन
300 ## - PHYSICAL DESCRIPTION
Extent 624
630 ## - SUBJECT ADDED ENTRY--UNIFORM TITLE
Uniform title सर्व सुर्वे
730 ## - ADDED ENTRY--UNIFORM TITLE
Uniform title सर्व सुर्वे
942 ## - ADDED ENTRY ELEMENTS (KOHA)
Koha item type Book
Holdings
Withdrawn status Lost status Damaged status Not for loan Home library Current library Date acquired Cost, normal purchase price Total Checkouts Full call number Barcode Date last seen Cost, replacement price Price effective from Koha item type Public note
        S.V. Pathak Library, Vile Parle S.V. Pathak Library, Vile Parle 10/11/1985 125.00   37979 SVPPARLE-37979 01/25/2010 125.00 01/25/2010 Book NA